000 00486nam a2200169u 4500
001 000018773
005 20200929165845.0
008 830825s1967 gw 000 0 ger
010 _a73200204
040 _aDO-SdBNP
_cCarP
_dDLC
050 0 0 _aPZ33
_b.D53314
100 1 _aDiessel, Hildegard. [from old catalog]
_940498
245 1 0 _aIm Lowenrachen Neapels.
260 _aStuttgart,10 :
_bSchwabenverlag,
_c[1967].
300 _a184 p. ;
_c21 cm.
910 _aCatalogación derivada / LC
999 _c18293
_d18293